عرض عادي
عرض مارك
- المانع، عبد العزيز ناصر عبد العزيز،
مدخل إسم شخص
001 - رقم الضبط
- حقل الضبط: 2619
003 - معرف رقم الضبط
- حقل الضبط: OSt
005 - تاريخ ووقت أخر عملية
- حقل الضبط: 20110811005406.0
008 - عناصر بيانات ثابتة الطول
- حقل تحكم ثابت الطول: 110811|||a|||||| | ||| d
040 ## - مصدر الفهرسة
- هيئة الفهرسة الأصلية: OSt
- وكالة الكتابة: OSt
100 ## - مدخل -- أسم شخص
- إسم شخص: المانع، عبد العزيز ناصر عبد العزيز،
- تواريخ مرتبطة بالاسم: 1362 هـ-
- مصطلح الرابط: محقق.
670 ## - بيانات المصدر موجوده
- الاستشهاد بالمصدر: Work cat.: (OSt)13316: ابن قلاقس، نصر بن عبد الله بن عبد القوي، 532-567 هـ. 2617, الزهر الباسم والعرف الناسم في مديح الأجل أبي القاسم /, 1984
